000 00672nam a2200229Ia 4500
001 958
003 GE_BSU
008 181216s||||||||xx |||||||||||||| ||und||
020 _a5060037568
040 _cGE_BSU
080 _a94(5)
245 _aИстория древнего востока.Тексты и документы
245 _bУчебник для студ. высш учеб. завед.
245 _cПод.ред.Кузищина В.И.
260 _aМосква .
260 _b,,Высшая школа
260 _c2008
300 _a720 с.
541 _h20 л.
653 _aИстория древнего востока
942 _cBK
999 _c35117
_d35117